Vplyv množstva recyklátu na zmenu vlastností bralenu : Diplomová práca
Gespeichert in:
| 1. Verfasser: | |
|---|---|
| Weitere Verfasser: | |
| Format: | Manuskript Buch |
| Sprache: | Slowakisch |
| Veröffentlicht: |
Trnava :
STU v Bratislave MtF KNM,
2006
|
| Schlagworte: | |
| Tags: |
Keine Tags, Fügen Sie das erste Tag hinzu!
|
MARC
| LEADER | 00000ntm a22000003a 4500 | ||
|---|---|---|---|
| 001 | stu131363 | ||
| 005 | 20160719155619.6 | ||
| 008 | 061213s2006----xo------------------slo-d | ||
| 040 | |a STU |b slo | ||
| 041 | 0 | |a slo | |
| 044 | |a xo | ||
| 100 | 1 | |a Vargová, Lucia |4 aut | |
| 245 | 1 | |a Vplyv množstva recyklátu na zmenu vlastností bralenu : |b Diplomová práca | |
| 260 | |a Trnava : |b STU v Bratislave MtF KNM, |c 2006 | ||
| 300 | |a 69 s |c príl (1 CD-ROM) | ||
| 650 | 7 | |a materiálové inžinierstvo |2 stusub | |
| 650 | 7 | |a spracovanie a aplikácia plastov |2 stusub | |
| 700 | 1 | |a Labaš, Vladimír, |d 1963- |4 xxx |u M1000 |U MTF Materiálovotechnologická fakulta |T MTF Ústav materiálov |X 274 |U M1000 |Y 81 |7 A000000274 | |
| 996 | |b 284M075329 |c M*DP-6431 |l MMSKP |s P |a 0 |w stu131363_0001 | ||